<?xml version="1.0" encoding="UTF-8"?><?xml-stylesheet type="text/xsl" href="static/style.xsl"?><OAI-PMH xmlns="http://www.openarchives.org/OAI/2.0/" xmlns:xsi="http://www.w3.org/2001/XMLSchema-instance" xsi:schemaLocation="http://www.openarchives.org/OAI/2.0/ http://www.openarchives.org/OAI/2.0/OAI-PMH.xsd"><responseDate>2026-04-13T15:11:15Z</responseDate><request verb="GetRecord" identifier="oai:www.recercat.cat:10230/48399" metadataPrefix="marc">https://recercat.cat/oai/request</request><GetRecord><record><header><identifier>oai:recercat.cat:10230/48399</identifier><datestamp>2025-12-24T09:04:12Z</datestamp><setSpec>com_2072_6</setSpec><setSpec>col_2072_452952</setSpec></header><metadata><record xmlns="http://www.loc.gov/MARC21/slim" xmlns:dcterms="http://purl.org/dc/terms/" xmlns:xsi="http://www.w3.org/2001/XMLSchema-instance" xmlns:doc="http://www.lyncode.com/xoai" xsi:schemaLocation="http://www.loc.gov/MARC21/slim http://www.loc.gov/standards/marcxml/schema/MARC21slim.xsd">
   <leader>00925njm 22002777a 4500</leader>
   <datafield ind2=" " ind1=" " tag="042">
      <subfield code="a">dc</subfield>
   </datafield>
   <datafield ind2=" " ind1=" " tag="720">
      <subfield code="a">Casanova, Ciro</subfield>
      <subfield code="e">author</subfield>
   </datafield>
   <datafield ind2=" " ind1=" " tag="720">
      <subfield code="a">Balcells Vilarnau, Eva, 1967-</subfield>
      <subfield code="e">author</subfield>
   </datafield>
   <datafield ind2=" " ind1=" " tag="720">
      <subfield code="a">Celli, Bartolomé R.</subfield>
      <subfield code="e">author</subfield>
   </datafield>
   <datafield ind2=" " ind1=" " tag="260">
      <subfield code="c">2021-09-07T07:05:40Z</subfield>
   </datafield>
   <datafield ind2=" " ind1=" " tag="260">
      <subfield code="c">2021</subfield>
   </datafield>
   <datafield ind2=" " ind1=" " tag="520">
      <subfield code="a">Background: The value of the single-breath diffusing capacity of the lungs for carbon monoxide (Dlco) relates to outcomes for patients with COPD. However, little is known about the natural course of Dlco over time, intersubject variability, and factors that may influence Dlco progression. Research question: What is the natural course of Dlco in patients with COPD over time, and which other factors, including sex differences, could influence this progression? Study design and methods: We phenotyped 602 smokers (women, 33%), of whom 506 (84%) had COPD and 96 (16%) had no airflow limitation. Lung function, including Dlco, was monitored annually over 5 years. A random coefficients model was used to evaluate Dlco changes over time. Results: The mean (± SE) yearly decline in Dlco % in patients with COPD was 1.34% ± 0.015%/y. This was steeper compared with non-COPD control subjects (0.04% ± 0.032%/y; P = .004). Sixteen percent of the patients with COPD, vs 4.3% of the control subjects, had a statistically significant Dlco % slope annual decline (4.14%/y). At baseline, women with COPD had lower Dlco values (11.37% ± 2.27%; P &amp;lt; .001) in spite of a higher FEV1 % than men. Compared with men, women with COPD had a steeper Dlco annual decline of 0.89% ± 0.42%/y (P = .039). Interpretation: Patients with COPD have an accelerated decline in Dlco compared with smokers without the disease. However, the decline is slow, and a testing interval of 3 to 4 years may be clinically informative. The lower and more rapid decline in Dlco values in women, compared with men, suggests a differential impact of sex in gas exchange function. Trial registry: ClinicalTrials.gov; No.: NCT01122758; URL: www.clinicaltrials.gov.</subfield>
   </datafield>
   <datafield tag="653" ind2=" " ind1=" ">
      <subfield code="a">COPD</subfield>
   </datafield>
   <datafield tag="653" ind2=" " ind1=" ">
      <subfield code="a">Diffusing capacity of the lungs for carbon monoxide</subfield>
   </datafield>
   <datafield tag="653" ind2=" " ind1=" ">
      <subfield code="a">Lung function decline</subfield>
   </datafield>
   <datafield tag="653" ind2=" " ind1=" ">
      <subfield code="a">Sex</subfield>
   </datafield>
   <datafield ind2="0" ind1="0" tag="245">
      <subfield code="a">Natural course of the diffusing capacity of the lungs for carbon monoxide in COPD: importance of sex</subfield>
   </datafield>
</record></metadata></record></GetRecord></OAI-PMH>